000 01059nam a2200289Ia 4500
003 OSt
005 20221005110624.0
006 a|||||r|||| 00| 0
007 ta
008 221004b |||||||| |||| 00| 0 hin d
020 _a9789326351461 (hbk)
_cINR 800.00
024 _a37011
037 _bBW/1694, 15/03/2018, Bookwell
_cTextual
040 _aCRL
_cCRL
_bhin
041 _2hin
_ahin
082 _aO155,3N40,YU, 152Q6
100 _aसावन्त, शिवाजी, ले.
245 0 _aयुगन्धर
246 _aYugandhara
260 _aनई दिल्ली
_bभारतीय ज्ञानपीठ भारत
_c2016
300 _a936पृ0
_ccm.
490 _aराष्ट्रभारती; ग्रन्थांक 688
650 _a मराठी साहित्य
650 _aमराठी कहानी
942 _hO155,3N40,YU, 152Q6
_cTEXL
_2cc
999 _c1019373
_d1019373